New Perspectives (Record no. 7181)

MARC details
000 -LEADER
fixed length control field 00607nas a22002057i 4500
001 - CONTROL NUMBER
control field 8579
003 - CONTROL NUMBER IDENTIFIER
control field OSt
005 - DATE AND TIME OF LATEST TRANSACTION
control field 20180921125251.0
007 - PHYSICAL DESCRIPTION FIXED FIELD--GENERAL INFORMATION
fixed length control field tu
008 - FIXED-LENGTH DATA ELEMENTS--GENERAL INFORMATION
fixed length control field 161220s xxu||||| |||| 00| 0 d
022 ## - INTERNATIONAL STANDARD SERIAL NUMBER
International Standard Serial Number 2336-825X
024 7# - OTHER STANDARD IDENTIFIER
Standard number or code 8579
Source of number or code RID
024 7# - OTHER STANDARD IDENTIFIER
Standard number or code 5773
Source of number or code RSN (alt)
040 ## - CATALOGING SOURCE
Transcribing agency OSt
110 2# - MAIN ENTRY--CORPORATE NAME
Corporate name or jurisdiction name as entry element Institute of International Relations, Prague
245 00 - TITLE STATEMENT
Title New Perspectives
Remainder of title Interdisciplinary Journal of Central & East European Politics and International Relations
260 ## - PUBLICATION, DISTRIBUTION, ETC.
Place of publication, distribution, etc. Prag :
Name of publisher, distributor, etc. Institute of International Relations Prague.
856 ## - ELECTRONIC LOCATION AND ACCESS
Uniform Resource Identifier <a href="http://perspectives.iir.cz/home">http://perspectives.iir.cz/home</a>
942 ## - ADDED ENTRY ELEMENTS (KOHA)
Koha item type Journal
Holdings
Withdrawn status Lost status Damaged status Not for loan Home library Current library Shelving location Date acquired Serial Enumeration / chronology Inventory number Total Checkouts Barcode Date last seen Price effective from Koha item type
        WIIW WIIW Library 10/08/2015 2015, 23. 1 8579   10006260 01/26/2017 01/26/2017 Journal
The Vienna Instiute for International Economic Studies (wiiw)